| 000 | 01367cam a2200229 4500 | ||
|---|---|---|---|
| 001 | WB3931-25 | ||
| 008 | 030813n2003 000 0 eng u | ||
| 035 | _a(Sirsi) u123262 | ||
| 245 | _aFlat leaseholders get management rights | ||
| 260 | _c2003 | ||
| 490 |
_aODPM News Release _v(2003/0166) 11 August 2003 (3) |
||
| 520 | _aThe Commonhold and Leasehold Reform Act 2002 (Commencement No.2 and Savings) (England) Order 2003/1986 (C.82) brings into force various provisions of the Commonhold and Leasehold Reform Act 2002. The main provisions of the order include the introduction of a new right to manage, enabling leaseholders of flats to take over the management of their building without having to prove fault on the part of the landlord or pay compensation to exercise their new right, the strengthening of a leaseholdersα rights against unreasonable charges levied under their lease and an improvement in the way in which Leasehold Valuation Tribunals (LVTs) work to address disputes between leaseholders and landlords. http://www.odpm.gov.uk/pns/DisplayPN.cgi?pn_id=2003_0166 | ||
| 590 | _aWB | ||
| 650 | _aLEASEHOLDERS | ||
| 650 | _aLEASEHOLD VALUATION TRIBUNALS | ||
| 650 | _aLVT | ||
| 650 | _aFLAT MANAGEMENT | ||
| 650 | _aLANDLORDS | ||
| 650 | _aCOMMONHOLD AND LEASEHOLD REFORM ACT 2002 | ||
| 690 |
_aLandlord and tenant _96252 |
||
| 942 | _n0 | ||
| 999 |
_c73213 _d73213 |
||